Sonetos sinfónicos / (Record no. 95633)

MARC details
000 -LEADER
campo de control de longitud fija 00558nam a2200193 i 4500
001 - NÚMERO DE CONTROL
campo de control 95633
003 - IDENTIFICADOR DE NÚMERO DE CONTROL
campo de control ES-MaACL
005 - FECHA Y HORA DE LA ÚLTIMA TRANSACCIÓN
campo de control 20230906181738.0
007 - CAMPO FIJO DE DESCRIPCIÓN FÍSICA--INFORMACIÓN GENERAL
campo de control de longitud fija t|
008 - DATOS DE LONGITUD FIJA--INFORMACIÓN GENERAL
campo de control de longitud fija 050601s1914 pr ||||1| spa d
080 ## - NÚMERO DE LA CLASIFICACIÓN DECIMAL UNIVERSAL
Número de la Clasificación Decimal Universal 821.134.2(729.5)-14"19"
100 1# - ENTRADA PRINCIPAL--NOMBRE DE PERSONA
Nombre de persona Lloréns Torres, Luis.
9 (RLIN) 72896
245 10 - MENCIÓN DEL TÍTULO
Título Sonetos sinfónicos /
Mención de responsabilidad, etc. Luis Lloréns Torres.
260 ## - PUBLICACIÓN, DISTRIBUCIÓN, ETC.
Lugar de publicación, distribución, etc. San Juan de Puerto Rico :
Nombre del editor, distribuidor, etc. [s.n.],
Fecha de publicación, distribución, etc. 1914.
490 1# - MENCIÓN DE SERIE
Mención de serie Biblioteca americana ;
Designación de volumen o secuencia t. 1
830 0# - PUNTO DE ACCESO ADICIONAL DE SERIE-TÍTULO UNIFORME
Título uniforme Biblioteca americana ;
Designación de volumen o secuencia t. 1
9 (RLIN) 184324
852 4# - LOCALIZACIÓN
Ubicación BA
Número de control de estantería T-1374-F-3
Holdings
Estatus retirado Estado de pérdida Estado de daño No para préstamo Colección Biblioteca de origen Biblioteca actual Ubicación en estantería Fecha de adquisición Fuente de adquisición Total de préstamos Signatura topográfica completa Código de barras Visto por última vez Precio de reemplazo Tipo de ítem Koha
        Colección de folletos Biblioteca del Ateneo de Madrid Biblioteca del Ateneo de Madrid Depósito folletos 17/01/2008     T-1374-F-3 1099858 23/02/2023 23/02/2023 Folleto